Toutes les villes comptant au moins un Trois Étoiles au Michelin - Statistiques

Statistiques générales
  • Ce quiz a été pris 42 fois
  • Le résultat moyen est 23 sur 90
Statistiques - réponses
Pays Ville Nombre de restaurants étoilés % Correct
Allemagne Berlin 1
97%
France Paris 10
95%
Allemagne Munich 1
92%
Espagne Barcelone 4
84%
Danemark Copenhague 1
81%
Espagne Madrid 1
81%
Chine Shanghai 2
81%
France Marseille 2
78%
Corée du Sud Séoul 1
78%
Chine Pékin 2
76%
États-Unis New York 5
73%
Italie Rome 1
73%
Japon Tokyo 12
73%
Allemagne Hambourg 1
70%
Italie Milan 1
70%
France Valence 1
70%
Norvège Oslo 1
68%
Royaume-Uni Londres 6
65%
Monaco Monaco 1
65%
Singapour Singapour 3
62%
Autriche Vienne 2
62%
Japon Osaka 3
59%
Thaïlande Bangkok 1
57%
Belgique Anvers 1
54%
Italie Florence 1
51%
Chine Hong Kong 7
51%
États-Unis San Francisco 3
51%
Taïwan Taipei 2
51%
États-Unis Chicago 2
49%
États-Unis Washington (Virginie) 1
43%
Japon Kyoto 5
38%
Suisse Bâle 1
32%
Suède Stockholm 1
32%
France Annecy 1
24%
Espagne Saint-Sébastien 2
22%
Chine Macao 7
19%
France Saint-Tropez 1
16%
Italie Vérone 1
16%
Espagne Gérone 1
14%
France Courchevel 1
11%
France Megève 1
8%
France Fontjoncouse 1
5%
France Menton 1
5%
France Cassis 1
3%
France Chagny 1
3%
Espagne Córdoba 1
3%
Suisse Crissier 1
3%
France Eugénie-les-Bains 1
3%
Danemark Gentofte 1
3%
Italie Modène 1
3%
France Saint-Bonnet-le-Froid 1
3%
États-Unis San Diego 1
3%
Allemagne Wolfsbourg 1
3%
Italie Alba 1
0%
Espagne Arriondas 1
0%
Royaume-Uni Aughton 1
0%
Suisse Bad Ragaz 1
0%
Allemagne Baiersbronn 2
0%
Royaume-Uni Bray 2
0%
Italie Brunico 1
0%
Espagne Cáceres 1
0%
Italie Canneto sull'Oglio 1
0%
Royaume-Uni Cartmel 1
0%
Italie Castel di Sangro 1
0%
Espagne Dénia 1
0%
Allemagne Dreis 1
0%
Espagne El Puerto de Santa Maria 1
0%
Suisse Fürstenau 1
0%
Allemagne Grassau 1
0%
États-Unis Healdsburg 1
0%
Slovénie Kobarid 1
0%
Espagne Larrabetzu 1
0%
Espagne Lasarte-Oria 1
0%
France Le Castellet 1
0%
France Les Baux-de-Provence 1
0%
France L'Herbaudière 1
0%
Italie Marina del Cantone 1
0%
Italie Orta San Giulio 1
0%
France Ouches 1
0%
Allemagne Perl 1
0%
Allemagne Piesport 1
0%
Belgique Roeselare 1
0%
Italie Rubano 1
0%
Italie Senigallia 1
0%
Norvège Stavanger 1
0%
Taïwan Taichung 1
0%
France Tinqueux 1
0%
Espagne Villaverde de Pontones 1
0%
États-Unis Yountville 1
0%
Pays-Bas Zwolle 1
0%
Aucun quiz correspondant
Distribution des résultats
% des personnes avec chaque résultat
Percentile par nombre de réponses
Votre historique - résultats
Vous n’avez pas pris ce quiz